Contributions to South Asian Studies 1 / (Record no. 19687)

MARC details
000 -LEADER
fixed length control field 01898cas a2200469 4500
001 - CONTROL NUMBER
control field 11233885
003 - CONTROL NUMBER IDENTIFIER
control field BDDh-ASL
005 - DATE AND TIME OF LATEST TRANSACTION
control field 20231015025809.0
008 - FIXED-LENGTH DATA ELEMENTS--GENERAL INFORMATION
fixed length control field 791212c19799999ii ar 0 a0eng c
010 ## - LIBRARY OF CONGRESS CONTROL NUMBER
LC control number 79915479
016 7# - NATIONAL BIBLIOGRAPHIC AGENCY CONTROL NUMBER
Record control number 011967501
Source DE-101
016 7# - NATIONAL BIBLIOGRAPHIC AGENCY CONTROL NUMBER
Record control number 340280-0
Source DE-600
016 7# - NATIONAL BIBLIOGRAPHIC AGENCY CONTROL NUMBER
Record control number 000273605
Source IsJJNL
016 7# - NATIONAL BIBLIOGRAPHIC AGENCY CONTROL NUMBER
Record control number 012408171
Source Uk
022 ## - INTERNATIONAL STANDARD SERIAL NUMBER
International Standard Serial Number 0257-1404
ISSN-L 0257-1404
Source z
035 ## - SYSTEM CONTROL NUMBER
System control number (OCoLC)ocm05788918
040 ## - CATALOGING SOURCE
Original cataloging agency GZM
Language of cataloging eng
Transcribing agency GZM
Modifying agency UCU
-- DLC
-- NST
-- OCL
-- NST
-- AIP
-- OCL
-- NST
-- NSD
-- NST
-- OCLCQ
-- NLGGC
-- LVB
-- OCLCQ
-- GBVCP
-- J9U
-- UKMGB
-- OCLCF
-- OCLCO
-- OCLCQ
-- BDDh-ASL
042 ## - AUTHENTICATION CODE
Authentication code pcc
-- nsdp
043 ## - GEOGRAPHIC AREA CODE
Geographic area code a------
050 00 - LIBRARY OF CONGRESS CALL NUMBER
Classification number DS331
Item number .C66
082 04 - DEWEY DECIMAL CLASSIFICATION NUMBER
Classification number 954.005
Item number CON
210 0# - ABBREVIATED TITLE
Abbreviated title Contrib. South Asian stud.
222 #0 - KEY TITLE
Key title Contributions to South Asian studies
245 00 - TITLE STATEMENT
Title Contributions to South Asian Studies 1 /
260 ## - PUBLICATION, DISTRIBUTION, ETC.
Place of publication, distribution, etc. Delhi :
Name of publisher, distributor, etc. Oxford University Press,
Date of publication, distribution, etc. 1979.
300 ## - PHYSICAL DESCRIPTION
Extent V-1, 197 p. :
Other physical details illustrations
Dimensions 23 cm
336 ## - CONTENT TYPE
Content type term text
Content type code txt
Source rdacontent
337 ## - MEDIA TYPE
Media type term unmediated
Media type code n
Source rdamedia
338 ## - CARRIER TYPE
Carrier type term volume
Carrier type code nc
Source rdacarrier
362 0# - DATES OF PUBLICATION AND/OR SEQUENTIAL DESIGNATION
Dates of publication and/or sequential designation 1- 1979-
500 ## - GENERAL NOTE
General note Editor: 1979- Gopal Krishna.
590 ## - LOCAL NOTE (RLIN)
Local note SERBIB/SERLOC merged record
651 #0 - SUBJECT ADDED ENTRY--GEOGRAPHIC NAME
Geographic name South Asia.
651 #6 - SUBJECT ADDED ENTRY--GEOGRAPHIC NAME
Geographic name Asie méridionale.
651 #7 - SUBJECT ADDED ENTRY--GEOGRAPHIC NAME
Geographic name South Asia.
Source of heading or term fast
Authority record control number or standard number (OCoLC)fst01244520
700 1# - ADDED ENTRY--PERSONAL NAME
Personal name Krishna, Gopal.
776 08 - ADDITIONAL PHYSICAL FORM ENTRY
Relationship information Online version:
Title Contributions to South Asian studies
Record control number (OCoLC)561453256
776 08 - ADDITIONAL PHYSICAL FORM ENTRY
Relationship information Online version:
Title Contributions to South Asian studies
Record control number (OCoLC)607902518
906 ## - LOCAL DATA ELEMENT F, LDF (RLIN)
a 7
b cbc
c serials
d 4
e ncip
f 19
g n-oclcserc
942 ## - ADDED ENTRY ELEMENTS (KOHA)
Source of classification or shelving scheme Dewey Decimal Classification
Koha item type Books
Holdings
Withdrawn status Lost status Source of classification or shelving scheme Damaged status Not for loan Collection code Home library Current library Shelving location Date acquired Source of acquisition Serial Enumeration / chronology Total Checkouts Full call number Barcode Date last seen Copy number Price effective from Koha item type Public note
    Dewey Decimal Classification   Not For Loan Non-fiction Asiatic Society Library Asiatic Society Library Ludden Collection 12/15/2020 Donated by Prof. David Ludden V-1   954.005 CON 103067 12/15/2020 C-1 12/15/2020 Books RARE

Powered by Koha